Thiết kế mạng intranet
Giới thiệu về Intranet và kết nối liên mạng với giao thức IP, kết nối tầng giao vận và tầng ứng dụng, quản trị Itranet và kết nối Intranet, các dịch vụ TCP/IP cơ bản, đảm bảo an ninh mạng nội bộ intranet, bảo mật và các giải pháp bảo mật ma...
Wedi'i Gadw mewn:
| Prif Awdur: | |
|---|---|
| Fformat: | Llyfr |
| Iaith: | Undetermined |
| Cyhoeddwyd: |
Hà Nội
Bách khoa Hà Nội
2019
|
| Pynciau: | |
| Tagiau: |
Ychwanegu Tag
Dim Tagiau, Byddwch y cyntaf i dagio'r cofnod hwn!
|
| Thư viện lưu trữ: | Trung tâm Học liệu Trường Đại học Cần Thơ |
|---|
| LEADER | 01030nam a2200217Ia 4500 | ||
|---|---|---|---|
| 001 | CTU_238822 | ||
| 008 | 210402s9999 xx 000 0 und d | ||
| 020 | |c 205000 | ||
| 082 | |a 004.68 | ||
| 082 | |b H407 | ||
| 100 | |a Phạm, Huy Hoàng | ||
| 245 | 0 | |a Thiết kế mạng intranet | |
| 245 | 0 | |c Phạm Huy Hoàng | |
| 260 | |a Hà Nội | ||
| 260 | |b Bách khoa Hà Nội | ||
| 260 | |c 2019 | ||
| 520 | |a Giới thiệu về Intranet và kết nối liên mạng với giao thức IP, kết nối tầng giao vận và tầng ứng dụng, quản trị Itranet và kết nối Intranet, các dịch vụ TCP/IP cơ bản, đảm bảo an ninh mạng nội bộ intranet, bảo mật và các giải pháp bảo mật mạng IP, IPv6 | ||
| 650 | |a Intranet (Mạng máy tính),Intranets (Computer networks) | ||
| 650 | |x Thiết kế và xây dựng,Design and construction | ||
| 910 | |b nthai | ||
| 980 | |a Trung tâm Học liệu Trường Đại học Cần Thơ | ||